| 000 | 03717 a2200337 4500 | ||
|---|---|---|---|
| 005 | 20080827123630.0 | ||
| 008 | 080827t xxu||||| |||| 00| 0 hin d | ||
| 010 | _aHIN-83271 B-285864-871 | ||
| 020 |
_a9788179651506 _c300.00 |
||
| 035 | _aHN-55617 B285864-871 | ||
| 037 | _bपु.प्र.अ.प्र/प्रका तक्षशिला प्रकाशन | ||
| 040 |
_adpl _bHN |
||
| 082 | _a401.802 | ||
| 100 | _aपाँडे, हेमचन्द्र | ||
| 245 |
_aअनुवादशास्त्रः (व्यवहार से सिद्धान्त की ओर) / _cहेमचन्द्र पाँडे |
||
| 246 |
_bby Hem Chandra Pande _aAnuvadshatra |
||
| 260 |
_aनई दिल्ली _bतक्षशिला प्रकाशन _c2008 |
||
| 270 |
_a98-ए, हिन्दी पार्क, दरियागंज _bनई दिल्ली _e110002 _k011- 23258802, 30128802 _l011- 23258802 |
||
| 300 |
_a173पृ _c22 सेमी (सजिल्द) |
||
| 942 |
_adpl _cHN _2ddc _h401.802 _mपाँडेहे |
||
| 999 |
_c12014 _d12014 |
||